=LDR 00000nam 2200000 4500 =001 INLIS000000000010239 =005 20130612101934 =008 ***********************************Ind** =035 ##$$0010-061300000010239 =041 ##$$a Ind =082 ##$$a 410.76 =090 ##$$a 410.76, Hon i =100 ##$$a HONIATRI, Evis =245 ##$$a Intisari Bahasa dan Sastra Indonesia =260 ##$$a 2003 $b Bandung =300 ##$$a 384 hlm., ilus., 20 cm =650 ##$$a Bahasa Indonesia - Tes dan Evaluasi =850 ##$$a NBPNMAT